Akta Buang Negeri, 1959 (Akta 79) & Banishment Act, 1959 (Act 79) : (Record no. 4551)
[ view plain ]
| 000 -LEADER | |
|---|---|
| fixed length control field | nam a22 a 4500 |
| 003 - CONTROL NUMBER IDENTIFIER | |
| control field | AKMAL |
| 005 - DATE AND TIME OF LATEST TRANSACTION | |
| control field | 20170531143528.0 |
| 008 - FIXED-LENGTH DATA ELEMENTS--GENERAL INFORMATION | |
| fixed length control field | 1 s1995 my l 00 may d |
| 020 ## - INTERNATIONAL STANDARD BOOK NUMBER | |
| International Standard Book Number | 9678903016 (kkt.): |
| Terms of availability | Rgt. 5.00 |
| 040 ## - CATALOGING SOURCE | |
| Transcribing agency | AKMAL |
| 082 04 - DEWEY DECIMAL CLASSIFICATION NUMBER | |
| Classification number | 345.5950773 AKT |
| 090 ## - LOCALLY ASSIGNED LC-TYPE CALL NUMBER (OCLC); LOCAL CALL NUMBER (RLIN) | |
| Classification number (OCLC) (R) ; Classification number, CALL (RLIN) (NR) | 345.5950773 |
| Local cutter number (OCLC) ; Book number/undivided call number, CALL (RLIN) | AKT |
| 110 1# - MAIN ENTRY--CORPORATE NAME | |
| Corporate name or jurisdiction name as entry element | Malaysia |
| 9 (RLIN) | 400 |
| 245 1# - TITLE STATEMENT | |
| Title | Akta Buang Negeri, 1959 (Akta 79) & Banishment Act, 1959 (Act 79) : |
| Remainder of title | hingga 10hb Oktober 1995 / |
| Statement of responsibility, etc. | disusun oleh Lembaga Penyelidikan Undang-undang |
| 260 ## - PUBLICATION, DISTRIBUTION, ETC. | |
| Place of publication, distribution, etc. | Kuala Lumpur : |
| Name of publisher, distributor, etc. | International Law Book Services, |
| Date of publication, distribution, etc. | 1995 |
| 440 ## - SERIES STATEMENT/ADDED ENTRY--TITLE | |
| Title | Laws of Malaysia |
| 9 (RLIN) | 1830 |
| 500 ## - GENERAL NOTE | |
| General note | Teks bahasa Malaysia dan Inggeris |
| 650 ## - SUBJECT ADDED ENTRY--TOPICAL TERM | |
| Topical term or geographic name entry element | Exile (Punishment) |
| General subdivision | Law and legislation |
| Geographic subdivision | Malaysia |
| 9 (RLIN) | 8780 |
| 651 ## - SUBJECT ADDED ENTRY--GEOGRAPHIC NAME | |
| Geographic name | Malaysia |
| General subdivision | Exiles |
| 9 (RLIN) | 8781 |
| 740 #2 - ADDED ENTRY--UNCONTROLLED RELATED/ANALYTICAL TITLE | |
| Uncontrolled related/analytical title | Banishment Act, 1959 (Act 79) |
| 942 ## - ADDED ENTRY ELEMENTS (KOHA) | |
| Source of classification or shelving scheme | |
| Koha item type | Book |
| Withdrawn status | Lost status | Source of classification or shelving scheme | Damaged status | Not for loan | Collection code | Home library | Current library | Shelving location | Date acquired | Inventory number | Total Checkouts | Full call number | Barcode | Date last seen | Price effective from | Koha item type |
|---|---|---|---|---|---|---|---|---|---|---|---|---|---|---|---|---|
| NON-FICTION | AKMAL Melaka | AKMAL Melaka | PINJAMAN | 31.05.2017 | 002932 | 345.5950773 AKT | 201707189 | 31.05.2017 | 31.05.2017 | Book |
